Normal view
MARC view
Entry Personal Name
001 - CONTROL NUMBER
- control field: 12401
003 - CONTROL NUMBER IDENTIFIER
- control field: BD-RjUL
005 - DATE AND TIME OF LATEST TRANSACTION
- control field: 20240318151238.0
008 - FIXED-LENGTH DATA ELEMENTS
- fixed length control field: 240318|| aca||aabn | a|a d
040 ## - CATALOGING SOURCE
- Original cataloging agency: BD-RjUL
- Transcribing agency: BD-RjUL
100 ## - HEADING--PERSONAL NAME
- Personal name: Priestley, J. B.
- Fuller form of name: (John Boynton),
- Dates associated with a name: 1894-1984
670 ## - SOURCE DATA FOUND
- Source citation: Work cat.: (BD-RjUL)83392: Priestley, J. B. (John Boynton), 1894-1984., Margin released :, 1962.